Global inequality, wealth concentration and the subprime crisis: a marxian commodity theory analysis /

Salvato in:
Dettagli Bibliografici
Autore principale: Lysandrou, Photis
Natura: testo
Tags: Aggiungi Tag
Nessun Tag, puoi essere il primo ad aggiungerne!!

MARC

LEADER 00000 a a2200000 04500
001 43244
003
040
100 |a Lysandrou, Photis  
245 |a Global inequality, wealth concentration and the subprime crisis:   |b a marxian commodity theory analysis /  |c Photis Lysandrou  
773 |g volumen42, número1 ( , 2011), páginas 183-208 : tablas, gráficos  
999 |c 37027  |d 37027